[Event "ISR-ch"]
[Site "Ramat Aviv"]
[Date "2004.09.19"]
[Round "1"]
[White "Golod, Vitali"]
[Black "Rodshtein, Maxim"]
[Result "1-0"]
[WhiteElo "2538"]
[BlackElo "2372"]
[Annotator "Golod,V"]
[PlyCount "73"]
[EventDate "2004.09.19"]
[EventType "swiss"]
[EventRounds "9"]
[EventCountry "ISR"]
[SourceTitle "CBM 102 Extra"]
[Source "ChessBase"]
[SourceDate "2004.11.03"]
[SourceVersion "1"]
[SourceVersionDate "2004.11.03"]
[SourceQuality "1"]

1. Nf3 Nf6 2. c4 c6 3. Nc3 d5 4. e3 {With the help of such order of moves I
want to avoid some variants of slav defence.} e6 5. d4 ({It deserves serious
attention:} 5. b3 $5) 5... Nbd7 6. Qc2 Bd6 7. Bd3 O-O 8. O-O dxc4 9. Bxc4 b5
10. Be2 Bb7 11. Rd1 Qb8 $5 {Novelty,from the point of view of my games.Before
with me three times played: 11...Qc7.} 12. e4 ({Also repeatedly were checked
up in previous games:} 12. a3 {You can see annotations to game: Gurevich,
M-Knaak,R/Germany,2004/CBM 101(0-1)(Lutz,C)(45)}) 12... e5 13. g3 $5 {Besides
White has two main alternatives:} (13. dxe5 $5 {For further information,you
can see comments to Huzman,A-Pelletier,Y/Pula,2000/CBM 77(1-0)(Lutz,C)(48)}) ({
and} 13. Bg5) 13... Re8 ({On:} 13... exd4 $6 14. Nxd4 Re8 {you can find two
games in Mega DataBase 2004.} (14... b4 $143 15. Nf5)) 14. dxe5 ({Also twice
were checked up in previous games:} 14. Bg5) 14... Nxe5 ({I can not
recommended in this position:} 14... Bxe5 $143 15. Nxe5 Qxe5 16. Bf4 Qe7 17.
Bf3 (17. a4 $5) 17... Rad8 18. Bd6 $14 {Arsovic,G-Pavlovic,D/Herceg Novi,2001
(1/2-1/2)(22)}) 15. Bg5 {Can it was necessary to decide on the more reliable
continuation:} (15. Nd4 $5 b4 16. Nf5 Bf8 17. Na4 c5 18. f3 Qc7 19. Bf4 Rac8
20. b3 (20. Rac1 $5) 20... c4 (20... g6 21. Ne3 Bd6 $132 {[%cal Ge5f3]}) 21.
bxc4 $14 {Tadic,B-Kosic,D/Herceg Novi,2000(1-0)(43)}) 15... Nxf3+ ({Leads to
more interesting game:} 15... Neg4 $5 16. h3 Nxf2 17. Kxf2 Bxg3+ 18. Kg2 Nh5
$44) (15... Nfd7 $143 16. Nxe5 Nxe5 17. Rd2 $14) 16. Bxf3 Nd7 $146 ({The game,
which have reached this position were continued as follows:} 16... Be5 17. Bg2
(17. Rd2 $5 h6 $140 18. Be3 Qc7 19. Rad1 $14) 17... a6 18. Be3 c5 $132 {
Burmakin,V-Bocharov,D/Tomsk,1999(1-0)(54)}) 17. Bg2 ({A little prematurely:} 
17. Qd2 $6 {in view of:} Ne5) 17... Ne5 18. Bf4 {[%csl Rb8,Rd6,Gf4][%cal Gd1d2,
Ga1d1] I try to make active my pieces.} a6 19. Rd2 Qc7 20. Rad1 Rad8 21. b3 {
It's important preventive move (><c4).} f6 22. h3 Qe7 23. Be3 {+/=/=} Bb4 24.
Rxd8 {After 20-minute meditation I have made a best move!} (24. f4 $143 Rxd2
25. Rxd2 Nf7 (25... Bc5 $6 26. Nd5 $1 Bxe3+ $8 27. Nxe3 $14) 26. Kh2 Nd6 $11)
24... Rxd8 $140 25. f4 Nf7 $1 {It's best move.My contender chose between it
and three other continuations:} (25... Rxd1+ $143 26. Nxd1 Nf7 27. Nf2 {
/\Nd3(><c5) +/=}) (25... Bxc3 $6 26. Rxd8+ Qxd8 27. Qxc3 Qd1+ 28. Bf1 (28. Kh2
$2 Nf3+ 29. Bxf3 Qxf3 $15) (28. Kf2 $4 Nd3+) 28... Nf7 (28... Nf3+ $4 29. Kf2
Nh2 30. Be2 $18) 29. Qd3 Qxd3 30. Bxd3 {+/=/+/-}) (25... Ng6 $6 26. Rxd8+ Qxd8
27. Na4 $1 {/\Nc5} bxa4 $140 $6 28. Qc4+ Kh8 29. Qxb4 $16) 26. Rxd8+ Qxd8 $6 {
It's discrepancy,which allows to improve a position of the my knight.} (26...
Nxd8 $142 {/\Ne6 (><c5)}) 27. Nd1 $1 $14 {/\Nf2-d3(><c5)} Be7 28. Nf2 Qc7 29.
Nd3 {I have blocked of the contender's PP of the queen side.} Bc8 30. Kh2 Nd8
31. e5 {I absolutely have overlooked about an answer-back move of Maxim
Rodshtein.} (31. Bc5 $5 $14) 31... Bf5 $1 {It's rather difficult to continue a
game without this move:} (31... fxe5 $2 32. Nxe5 c5 33. Be4 $40) 32. exf6 Bxf6
33. Qd2 a5 (33... Qd6 $2 34. Nb4 Qxd2 35. Bxd2 {[%csl Ra6,Gb4,Rc6][%cal Gb4c6,
Gb4a6] with material advantage in the endgame.}) 34. Nc5 Ne6 $2 ({It was
necessary:} 34... b4 $5 $14) 35. Na6 $1 $16 {The contender has yawned this a
little bit not obvious move.} (35. Nd7 $5 Bd4 36. Bxd4 Qxd7 37. Bc3 Qxd2 38.
Bxd2 {[%csl Ra5,Rc6,Yd2][%cal Gg2c6,Yd2a5]} b4 39. Bxc6 Nd4 (39... Bb1 $5 40.
Bd5 Kf7 41. Be3 {/\Bb6 +/-}) 40. Bd5+ Kf8 41. Be3 $16) 35... Qb7 (35... Qd8
$142 36. Bxc6 $5 (36. Qxd8+ Nxd8 37. Nb8 $16 {קc6}) 36... Nd4 37. Bg2 Qb6 $140
38. g4 $1 {/\g5 +/-}) 36. Qxa5 Bd8 {[%tqu "En","Find the best continuation for
White?","","","a6c5","",10,"a6c5","",0,"a5a3","",0]} 37. Nc5 $1 $18 (37. Nc5 $1
{After this move Black resigns,because of next variants:} Qe7 (37... Nxc5 $4
38. Qxd8+ Kf7 39. Bxc5) (37... Bxa5 $2 38. Nxb7 {[%csl Ra5,Rc6][%cal Gb7a5,
Gg2c6]}) 38. Qa8 (38. Qc3 $5 {/\a4}) 38... Nc7 (38... Nxc5 $143 39. Bxc5 Qxc5
40. Qxd8+ Kf7 41. Qc7+) 39. Qb8 $18) (37. Qa3 $6 Be7 38. Nc5 Nxc5 39. Bxc5 Bf6
40. Qa7 Qc8 $16) 1-0

[Event "Dieren op"]
[Site "Dieren"]
[Date "1998.07.25"]
[Round "5"]
[White "Golod, Vitali"]
[Black "Hoeksema, Hendrik Pieter"]
[Result "1-0"]
[WhiteElo "2555"]
[BlackElo "2395"]
[Annotator "Golod,V"]
[PlyCount "107"]
[EventDate "1998.08.??"]
[EventType "swiss"]
[EventRounds "9"]
[EventCountry "NED"]
[SourceTitle "CBM 066"]
[Source "ChessBase"]
[SourceDate "1998.09.30"]
[SourceVersion "1"]
[SourceVersionDate "1998.09.30"]
[SourceQuality "1"]

1. d4 d5 2. c4 c6 3. Nf3 Nf6 4. Nc3 e6 5. e3 Nbd7 6. Qc2 Bd6 7. Bd3 O-O 8. O-O
dxc4 9. Bxc4 a6 $5 {[%csl Ga6,Yc6][%cal Gb7b5,Yc6c5]} 10. Rd1 $5 {[%csl Gd1,
Rd8]} (10. Bd2 $143 c5 11. dxc5 Nxc5 12. Be2 b5 13. b4 Ncd7 14. Ne4 Be7 15.
Nxf6+ Bxf6 16. Bc3 Bb7 17. Bxf6 Nxf6 $11 {Karpov,A-Anand,V/Biel/1997/0.5 (40)})
10... b5 (10... Qc7 $143 11. Ne4 $1 Nxe4 12. Qxe4 b5 (12... e5 13. Qh4 Nf6 14.
e4 exd4 15. e5 $1 $40 {Epischin,V-Brenninkmeier,J/Wijk/1992/}) 13. Bd3) 11. Be2
$5 (11. Bf1 $143 c5 $6 (11... Qc7 $5) 12. dxc5 Bxc5 13. Ng5 Bb7 14. Nce4 Nxe4 (
14... Rc8 $2 15. Nxf6+ $18) 15. Nxe4 Be7 (15... Rc8 16. Nxc5 Rxc5 17. Qe2 Qc7
18. Bd2 Ne5 19. Bb4 Rc2 20. Qh5 Rxb2 21. Rac1 Rc2 22. Bd6 Nf3+ 23. gxf3 Rxc1
24. Bxc7 Rxd1 25. f4 $16 {1/2-1/2 Arlandi,E-Luther,T/Turin op 1996 (48)}) 16.
Nd6 Bd5 (16... Bxd6 17. Rxd6 Bd5 18. e4 Rc8 19. Qd1 Bc6 20. Be3 $16) 17. e4
Bxd6 18. exd5 Rc8 (18... e5 19. a4 $14) 19. Qe2 exd5 20. Rxd5 Nf6 21. Rd3 Qc7
22. g3 Bc5 23. Be3 Bxe3 24. Rxe3 Rfe8 $14 {Karpov,A-Polgar,Z/Madrid 1992/1-0 
(57)}) (11. Bd3 $143 Bb7 12. e4 e5 13. dxe5 Nxe5 14. Nxe5 Bxe5 15. Bxb5 Bxh2+
16. Kh1 Qe7 17. Be2 Be5 18. Bf3 c5 19. Be3 Rfe8 20. Kg1 Bxc3 21. bxc3 Bxe4 22.
Bxe4 Nxe4 23. Rab1 Qe5 $15 {Greenfeld,A-Horvath,C/Montecatini Terme op 1997/1/
2-1/2 (61)}) 11... Qc7 $5 (11... c5 $6 12. dxc5 Bxc5 (12... Nxc5 $2 13. b4 $16)
13. Ne4 $1 Nxe4 $5 (13... Qb6 $5 14. Nxc5 Nxc5 15. b3 Bb7 16. Bb2 Be4 17. Qc1
Ncd7 18. Bd4 Qb7 19. Qb2 Rfc8 20. Rac1 $14 {Bukic,E-Atalik,S/Ljubljana LSK
1997/0-1 (57)}) (13... Be7 $5 14. Ne5 Nd5 15. Nc6 Qe8 16. Nxe7+ $5 (16. Nc3 $6
Nxc3 17. Nxe7+ Qxe7 18. Qxc3 (18. bxc3 Nb6 19. a4 Nxa4 20. Ba3 Nc5 21. Bxb5 $1
Bb7 (21... axb5 $2 22. Bxc5 $18) 22. Rd7 $1 Qg5 (22... Be4 23. Rxe7 Bxc2 24.
Be2 Bd3 (24... Rfc8 25. Bxc5 Rxc5 26. Rxa6 $16) (24... Ne4 25. Bb4 $16) 25. Bf3
Rac8 26. Bb4 Nb3 27. Ra3 a5 $11) 23. f4 Be4 $1 24. Qd2 Qh4 25. Bxc5 axb5 $11)
18... Bb7 19. Bd2 (19. Qc7 Bd5 20. e4 Rfc8 21. Qf4 Bb7 22. b3 Qf6 $11) 19...
Rfc8 20. Qd4 e5 21. Bb4 {1/2-1/2 Khalifman,A-Anand,V/FIDE WCh KO 1997}) 16...
Qxe7 17. Qc6 Rb8 18. Qd6 Qh4 19. Rd4 Rb6 20. Qa3 $14) 14. Qxe4 Ra7 (14... Qc7
$2 15. b4 Bb6 16. Bb2 Bb7 17. Qg4 $16) 15. b4 Bb7 (15... Qf6 16. Rb1 Bb7 17.
Qc2 Bxf3 18. Bxf3 Be7 19. Bb2 $16) 16. Qf4 Bxf3 (16... Be7 $2 17. Ne5 Bd5 18.
Rxd5 exd5 19. Nc6 $16) 17. Bxf3 Be7 18. Bb2 Qb8 $1 19. Rac1 (19. a4 $2 Qxf4 20.
exf4 bxa4 21. Rxa4 Nb6 $15) 19... Bf6 20. Bxf6 Nxf6 21. a3 {1/2-1/2 Dautov,
R-Luther,T/Bad Zwesten op 1997 (38)}) 12. Ne4 $5 (12. e4 $143 e5 13. g3 (13. h3
$143 Bb7 14. dxe5 Nxe5 15. Bg5 Nxf3+ 16. Bxf3 Be5 17. Bxf6 gxf6 $11) 13... Re8
14. a3 Bb7 $5 (14... exd4 15. Nxd4 c5 $2 16. Ndxb5 $1 axb5 17. Nxb5 $18) (14...
c5 15. dxe5 Nxe5 16. Bg5 Bg4 17. Bxf6 Nxf3+ 18. Kg2 Be5 19. Nd5 Qa7 20. Bxg7
Bh3+ 21. Kxh3 Ng5+ 22. Kh4 Kxg7 23. Kxg5 Qd7 24. Bg4 Qd8+ 25. Kh5 Kh8 26. f4
Rg8 27. Bf5 Rc8 28. Qc1 Rc6 29. fxe5 {1-0 Shipov,S-Savchenko,S/Russian Club
Cup, Maikop RUS 1998}) 15. dxe5 $5 (15. Bg5 $5 exd4 $5 (15... h6 $6 16. dxe5
Bxe5 (16... Nxe5 17. Bxf6 gxf6 18. Qd2 $1 Rad8 19. Qxh6 $16) 17. Nxe5 hxg5 18.
Nxd7 Nxd7 19. Qd2 Nf6 20. Qxg5 Nxe4 21. Nxe4 Rxe4 22. Bf3 Re5 (22... Qe5 23.
Qd2 Rc4 24. Qd7 $16) 23. Rd7 $1 Qxd7 (23... Rxg5 24. Rxc7 Rb8 25. Re1 $18) 24.
Qxe5 {1-0 Epishin,V-Polgar,Z/Madrid 1992 (44)}) 16. Nxd4 Be5 17. Nf5 c5 18. Nd5
Nxd5 19. exd5 f6 20. Be3 g6 21. Nh6+ Kg7 22. Ng4 Bd6 23. Bh6+ Kf7 24. a4 $14 {
1/2-1/2 Khalifman,A-Anand,V/FIDE WCh KO, Groningen NED 1997 (35)}) 15... Nxe5
16. Bg5 Nxf3+ 17. Bxf3 Be5 (17... Qe7 $5 18. Rd3 Be5 19. Rad1 Rad8 20. Rxd8
Rxd8 21. Rxd8+ Qxd8 22. Be3 a5 $132) 18. Bxf6 gxf6 19. Bg4 Rad8 20. Bf5 Bc8 21.
Bxc8 Qxc8 22. Rac1 Qe6 23. Rxd8 Rxd8 24. Nd1 c5 25. Qxc5 Qb3 26. Ne3 Qxb2 27.
Qc8 $1 Rf8 28. Qg4+ Kh8 29. Rc8 {1-0 Karpov,A-Kramnik,V/Amber Rapid, Monte
Carlo MON 1998}) (12. a3 $143 c5 13. dxc5 Bxc5 14. Ne4 Nxe4 15. Qxe4 Bb7 16.
Qh4 Rfe8 17. Qg3 Qxg3 18. hxg3 $11 {Karpov,A-Zhu Chen/Simul, Beijing CHN 1998/
1-0 (51)}) 12... Nxe4 (12... Be7 $143 13. Nxf6+ Nxf6 14. e4 $14) 13. Qxe4 Re8
$6 $146 (13... e5 $5 14. Qh4 Re8 (14... h6 $5 {1-0 Kramnik,V-Piket,J/Hoogovens,
Wijk aan Zee NED 1998 (47)}) 15. a4 (15. Bd3 $5 {Zueger,B-Fressinet,L/Open,
Cannes FRA 1998/1-0 (58)}) (15. Bd2 $5 e4 16. Ne1 (16. Ng5 Nf6 $15) 16... Re6
$1 $132) 15... e4 16. Nd2 Re6 17. g3 Be7 18. Qf4 (18. Qh3 Nb6 19. Qf1 f5 20.
axb5 cxb5 21. Nb3 Na4 22. Nc5 Bxc5 23. dxc5 Nxc5 24. Bxb5 Rb6 25. Bc4+ Be6 26.
Ra5 Nb3 27. Bxb3 Bxb3 28. Rd4 Be6 29. Qd1 Rc8 30. Ra1 h6 31. b4 Qc2 32. Rd8+ {
1/2-1/2 Miles,A-Morovic Fernandez,I/Capablanca mem Elite 1998}) 18... Bd6 19.
Qh4 Be7 20. Qf4 Bd6 {1/2-1/2 Karpov,A-Anand,V/Amber Blindfold, Monte Carlo MON
1998}) (13... Bb7 14. Qh4 c5 15. Bd2 Rad8 $132 (15... Qd8 $4 16. Qxd8 Rfxd8 17.
Ba5 $18 {1-0 Thorsteinsson,T-Faldt,M/Stockholm GP 1992 (34)})) (13... Nf6 $6
14. Qh4 c5 15. e4 cxd4 16. Bg5 e5 17. Bxf6 gxf6 18. Qxf6 Re8 19. Qg5+ Kh8 20.
Qf6+ Kg8 21. Qg5+ Kh8 22. Qh4 Qe7 23. Ng5 f5 24. Qh6 Qg7 25. Qxd6 Qxg5 26. f4
$1 exf4 27. Qxd4+ Qg7 28. Bh5 $16 {Bareev,E-Dreev,A/President's Cup 3plof 1998/
1-0 (58)}) 14. Bd3 g6 (14... Nf6 15. Qh4 $14 {[%cal Ge3e4,Ge4e5]}) 15. Qh4 {
[%cal Ge3e4]} e5 16. Ng5 Nf8 (16... Nf6 $5 17. dxe5 Bxe5 18. f4 Bd6 19. e4 $13)
17. Ne4 {[%csl Rd6][%cal Ge4f6]} Be7 18. Nf6+ (18. Qg3 $2 f5 19. Nc3 Bd6 $15)
18... Bxf6 19. Qxf6 $14 e4 $5 {[%csl Rc1]} (19... Nd7 $5 20. Qh4 exd4 21. exd4
$14 (21. Qxd4 $143 c5 22. Qc3 Ne5 $11)) 20. Be2 Nd7 $5 {[%csl Rd5][%cal Gd7b6,
Gb6d5]} 21. Qh4 Nb6 22. Bd2 Nd5 23. Rdc1 {/\Rc5,Raca,Bd1-b3;><d5} Qd6 24. Rc5
Bd7 25. Rac1 (25. Ba5 $5 {><a5}) 25... a5 $1 26. Bd1 (26. a4 $6 bxa4 27. Bxa5
Qb8 $5 $13 {[%csl Rb2]}) 26... Nb6 $5 {[%cal Gb6c4]} (26... Nb4 $2 27. Bxb4
axb4 28. Bb3 $16) (26... a4 $6 27. Bc2 $5 f5 28. Bb1 $5 {/\a3,Ba2}) 27. a3 $5 (
27. Bb3 $6 a4 $140 28. Bxf7+ Kxf7 29. Qxh7+ Kf6 (29... Kf8 $4 30. Bb4 $1 $18)
30. Bb4 $44 (30. d5 $5 Nxd5 31. Rxd5 cxd5 32. Bc3+ Re5 $15)) 27... Nc4 28. Bc3
a4 (28... f5 $6 29. a4 $1 $16) 29. Be2 $5 Nb6 (29... Na5 $143 30. Bxa5 Rxa5 31.
Qg3 $1 {+/=/+/-}) 30. Re5 $1 {[%csl Re4]} Bf5 $8 (30... Rxe5 $2 31. dxe5 Qe6
32. Bd4 Nd5 33. Qxe4 $16) 31. Bb4 Qd7 32. Qf6 Re6 $5 (32... Rxe5 $5 33. Qxe5
Nd5 $14) 33. Rxe6 Bxe6 34. Qe5 $5 {[%csl Re4]} Bd5 35. Bc5 Re8 $5 (35... Nc4 $5
36. Bxc4 bxc4 $14) 36. Qf6 Nc8 $2 (36... Nc4 $5) 37. h3 Ne7 $6 (37... Qd8 $5)
38. Bd6 $1 {[%csl Rg8][%cal Gd6e5]} Qe6 $8 39. Qxe6 fxe6 $8 (39... Bxe6 $2 40.
Bxe7 Rxe7 41. Rxc6 $18) 40. f3 $2 $138 (40. Kf1 $5 {[%cal Gf1e1,Ge1d2,Gd2c3,
Gc3b4] +/=/+/-}) (40. g4 $5 {[%csl Gg4][%cal Yg4f5] +/=/+/-}) (40. Bxe7 $1 Rxe7
41. f4 exf3 $6 42. gxf3 e5 43. dxe5 Rxe5 44. e4 $16) 40... Nf5 41. Bf4 Rf8 $1
$14 {[%csl Rf4,Gf8][%cal Gf5d4]} 42. fxe4 Bxe4 43. Rf1 Rd8 $1 {[%cal Gf5d6,
Gd6c4]} 44. Kf2 (44. g4 $5 Nd6 45. Bxd6 Rxd6 46. Rf4 $14) (44. Kh2 $6 e5 45.
dxe5 Rd2 $13) 44... Kf7 $2 (44... Rf8 $1 {[%cal Gf5d4]} 45. Kg1 $142 (45. g3 $2
g5 46. Bxg5 Nxd4+ 47. Ke1 Nxe2 48. Rxf8+ Kxf8 49. Kxe2 $11) (45. Bf3 $2 Bxf3
46. gxf3 (46. Kxf3 $4 g5 $1 $19) 46... Nxd4 47. Rc1 $15)) 45. g4 $1 Nd6 $6 (
45... Ne7 $142) 46. Kg3 Ke8 47. Bxd6 $1 Rxd6 48. Kf4 $1 $16 Bd5 (48... Bc2 $143
49. Ke5 Ke7 50. Rf7+ $1 Kxf7 51. Kxd6 Be4 52. g5 $18) 49. Ke5 Rd8 50. e4 Bb3 (
50... Bc4 $6 51. Bxc4 bxc4 52. Rc1 $18) 51. g5 $1 {[%csl Rg6,Rh7]} Ke7 52. Rc1
$1 Kd7 $8 (52... Rc8 53. Bxb5 $18) 53. Bg4 Rf8 $2 (53... Re8 $142 54. Rf1 {
+-/+/-}) 54. d5 $1 $18 {[%csl Rb3,Re6,Gg4] (2.42-2.26)} (54. d5 $1 cxd5 (54...
Bc4 55. Bxe6+ $18) 55. Bxe6+ Ke7 56. Rc7+ Kd8 57. Kd6 $1 {[%csl Rd8][%cal
Gc7c8]}) 1-0

[Event "Dieren op"]
[Site "Dieren"]
[Date "1998.07.28"]
[Round "7"]
[White "Golod, Vitali"]
[Black "Cifuentes Parada, Roberto"]
[Result "1-0"]
[WhiteElo "2555"]
[BlackElo "2505"]
[Annotator "Golod,V"]
[PlyCount "113"]
[EventDate "1998.08.??"]
[EventType "swiss"]
[EventRounds "9"]
[EventCountry "NED"]
[SourceTitle "CBM 066"]
[Source "ChessBase"]
[SourceDate "1998.09.30"]
[SourceVersion "1"]
[SourceVersionDate "1998.09.30"]
[SourceQuality "1"]

1. d4 d5 2. c4 c6 3. Nf3 Nf6 4. Nc3 e6 5. e3 Nbd7 6. Qc2 Bd6 7. Bd3 O-O 8. O-O
dxc4 9. Bxc4 b5 $5 (9... a6 $5) (9... Qe7 $5) 10. Be2 Bb7 11. Rd1 Qc7 12. Bd2
$1 {[%csl Gd2][%cal Gb2b4]} a6 $5 {[%cal Gc6c5]} (12... Rac8 13. b4 Rfe8 14. a3
a6 15. Bd3 h6 16. Ne4 Nxe4 17. Bxe4 e5 18. Bh7+ Kh8 19. Bf5 $14 {Hansen,
L-Haugli,P/Copenhagen op 1989/1/2-1/2 (59)}) (12... Rae8 $5 13. Rac1 Qb8 (13...
a6 14. b4 $5 $14) 14. Bd3 a6 $5 (14... e5 $5 15. e4 (15. Ng5 h6 16. Nge4 exd4
17. exd4 Be7 $14) 15... h6 $13) 15. Ne4 Nxe4 (15... Be7 $143 16. b4 $14) 16.
Bxe4 f5 $2 (16... Nf6 $1 17. Bxc6 $140 $2 Rc8 18. d5 Nxd5 19. Nd4 Ne7 $19) 17.
Bxc6 $1 Rc8 18. d5 Nf6 (18... exd5 19. Qb3 Rxc6 20. Qxd5+ Kh8 21. Rxc6 $16) 19.
Qd3 $16 {Ftacnik,L 1-0 Adorjan,A-Flear,G/Rubinstein mem 1992 (32)}) (12... e5
$6 13. Rac1 Rac8 14. h3 $14 Qb8 15. Be1 a6 16. Bd3 c5 17. Nxe5 Nxe5 18. dxe5
Bxe5 19. f4 $36 {1-0 Fyllingen,R-Gronn,A/NOR-chT 1994 (33)}) (12... Rfe8 $5 13.
Rac1 Rac8 14. b4 e5 15. h3 Qb8 16. Qb3 exd4 17. exd4 Nb6 18. Bd3 $14 {1/2-1/2
Banas,J-Volkmann,F/Zalakaros op 1994 (26)}) (12... Rfc8 $6 13. Rac1 a6 14. Qb1
Qd8 15. a4 Qe7 16. Ng5 h6 17. Nge4 Nxe4 18. Nxe4 bxa4 19. Nxd6 Qxd6 20. Bc3 $14
{1-0 Siegel,G-Somlai,L/Budapest FS02 GM 1997 (43)}) 13. b4 (13. a4 $143 e5 14.
b4 a5 15. bxa5 exd4 16. exd4 b4 17. Na2 Nd5 18. Nc1 Rxa5 19. Nb3 Raa8 20. Bd3
$14 {1-0 Haugli,P-Muir,A/Troll Masters 1990 (35)}) (13. Ne4 $6 Nxe4 14. Qxe4 c5
15. Qh4 cxd4 16. Nxd4 Nf6 17. Rac1 Qb6 18. Bf3 Rac8 $11 {1-0 Chiong,
L-Preissmann,E/Geneve op 1991 (40)}) 13... e5 $5 (13... a5 $5 14. a3 $5 (14.
Rac1 $5 Rfc8 15. Qb3 Bxb4 16. Nxb5 Qb8 17. Nc3 c5 18. a3 cxd4 19. axb4 dxc3 20.
Rxc3 {1/2-1/2 Ftacnik,L-Piket,J/Groningen 1988}) (14. bxa5 $5 b4 15. Na4 Qxa5
16. Nb2 Qh5 17. e4 $6 Bxh2+ 18. Nxh2 Qxe2 19. Re1 Qb5 20. Nc4 Qa4 21. Qxa4 {
1/2-1/2 Kruppa,Y-Galkin,A/RUS-Cup1 Chigorin mem 1996}) 14... axb4 15. axb4 Nd5
16. Rac1 Qb8 17. Qb1 f5 $2 18. e4 fxe4 19. Nxe4 e5 20. Nfg5 N7f6 21. Nxf6+ Nxf6
22. Qb3+ Nd5 23. Qh3 $18 {1-0 Zifroni,D-Kundin,A/Czerniak mem 1998 (39)}) 14.
h3 Rfe8 $5 $146 (14... exd4 $5 15. exd4 Rfe8 16. a3 a5 17. Bd3 h6 18. Nh4 axb4
19. axb4 Rxa1 20. Rxa1 Qd8 21. Qb2 Nb6 {1/2-1/2 Adorjan,A-Horvath,J/HUN-chT
1992}) 15. Rab1 h6 16. Bd3 $6 {[%csl Rd3,Rf3]} (16. Rdc1 $5 {[%csl Rc6]}) 16...
Rad8 17. Rdc1 Qb8 $5 {[%csl Yb8,Gc1]} 18. a3 Bf8 $5 {/\c5;e4} (18... exd4 19.
exd4 Nd5 20. Ne4 $14) 19. Bf1 $1 (19. Ne4 $2 Nxe4 20. Bxe4 Nf6 $1 (20... exd4
$2 21. exd4 $14) 21. dxe5 (21. Nxe5 $2 Nxe4 22. Qxe4 f6 $17) (21. Bxc6 $4 Rc8
22. Bxe8 Rxc2 23. Bxf7+ Kxf7 24. Nxe5+ Kg8 25. Rxc2 Be4 $19) 21... Nxe4 22.
Qxe4 c5 23. Qc2 $8 Bxf3 24. gxf3 Qxe5 $15) (19. Re1 $2 c5 $1 $17) 19... a5 $6 (
19... e4 $5 20. Ne1 $13) 20. Na2 $1 {[%csl Ga3][%cal Ga3a4]} a4 $2 (20... exd4
$5) 21. dxe5 $1 $14 Nxe5 22. Nxe5 Qxe5 23. Bc3 Qg5 $5 {[%csl Rg1]} 24. Rd1 Bc8
$6 {[%csl Rb1,Rc2,Gf5,Rh3][%cal Gc8h3,Gc8f5]} (24... Bd6 $5) (24... Nd5 $5) 25.
Rxd8 Rxd8 26. Rc1 $1 {[%csl Rc6]} Bxh3 $6 (26... Nd5 $5 27. Bd4 Bxh3 28. Qxc6
$14) 27. Bxf6 gxf6 $8 28. Qxc6 $16 Rd2 29. Nc3 {[%csl Rd2,Rg5][%cal Gc3e4]} Bd7
$142 30. Qf3 f5 $6 (30... Bg4 $142 31. Qa8 $1) 31. Nxb5 Ra2 $6 (31... Qg4 $5)
32. Bc4 Rd2 33. Nc3 $1 $138 {[%csl Rf7][%cal Gc3e4]} (33. Nd4 $4 Rxd4 $1 $19 {
[%csl Rc1]}) 33... Bg7 34. Bxf7+ $1 (34. Ne4 $2 fxe4 35. Qxf7+ Kh7 36. Qg8+ Kg6
37. Qf7+ $11 (37. Bf7+ $6 Kf6)) 34... Kh7 (34... Kxf7 $2 35. Ne4 $18 {[%csl
Rd2,Rg5]}) 35. Nd5 {[%csl Rg6][%cal Gd5f4]} Qg4 $142 (35... Bb2 $2 36. Rc7 $18)
36. Qxg4 (36. Bh5 $5) 36... fxg4 37. g3 Bf5 38. Ne7 Be4 (38... Bb2 39. Rc4) 39.
Bg8+ $1 Kh8 40. Be6 $18 Bf8 $138 (40... Bb2 $142 41. Rc8+ Kg7 42. Bxg4 Bxa3 43.
Rc4 $18) 41. Bf5 $1 Bf3 $8 (41... Bxe7 $2 42. Bxe4 $18 {[%csl Ra4,Rg4]}) 42.
Ng6+ Kg7 43. Nxf8 $1 (43. Ne5 $6 Rd1+ $1 44. Rxd1 Bxd1 45. Bxg4 $2 (45. Nd3 $5
$16) 45... Bxg4 46. Nxg4 Bxb4 $11) 43... Kxf8 44. Bc2 $1 (44. b5 $2 Rd5 {
[%csl Rb5,Rf5]}) 44... Bc6 45. Bd1 {[%csl Rc6,Rg4]} Bd7 46. Kf1 Ra2 47. Rc3 Ke7
48. Ke1 h5 49. Bc2 {[%cal Ge1d2,Gd2c1]} Be8 (49... Ra1+ $5 50. Kd2 Rf1 51. Ke2
Rc1 (51... Bb5+ $2 52. Bd3) 52. e4) 50. e4 $1 {><e3} Kd6 51. Kd2 {[%csl Ra2]
[%cal Gd2c1,Gc1b1]} Ra1 $8 (51... Ke5 52. Ke3) 52. Bd3 $1 Bf7 53. Ke3 Bb3 (
53... Re1+ 54. Kd4) 54. b5 Ra2 (54... Rxa3 $143 55. b6 {[%csl Gb6]}) 55. b6 Be6
56. b7 Rb2 57. Ba6 {[%csl Gb7][%cal Gc3c8] (2.40-2.33)} 1-0